000 00652nam a22002172 4500
001 0000012413
003 OSt
005 20140825164442.0
008 080605s1999 tnu b 000 0 eng d
020 _a0687075645
040 _aPUL
_cPUL
050 _aBX8349.L43
_bM88 1999
100 1 _aMutti, Fritz,
_d1938-.
245 1 0 _aBreath of new life :
_beight marks of spiritual leadership /
_cFritz Mutti.
260 _aNashville, TN :
_bAbingdon Press,
_cc1999.
300 _a63 p. ;
_c22 cm.
504 _aIncludes bibliographical references (p. 61-63).
650 0 _aChristian leadership
_xMethodist Church.
908 _a080605
942 _2lcc
_cBK
999 _c11870
_d11870